Start with why (Record no. 11251)

MARC details
000 -LEADER
fixed length control field 00340nam a22001457a 4500
003 - CONTROL NUMBER IDENTIFIER
control field OSt
008 - FIXED-LENGTH DATA ELEMENTS--GENERAL INFORMATION
fixed length control field 220521b ||||| |||| 00| 0 eng d
020 ## - INTERNATIONAL STANDARD BOOK NUMBER
International Standard Book Number 978-0-241-95822-3
082 ## - DEWEY DECIMAL CLASSIFICATION NUMBER
Classification number 658.4092 SIS
100 ## - MAIN ENTRY--PERSONAL NAME
Personal name Sinek, Simon
245 ## - TITLE STATEMENT
Title Start with why
260 ## - PUBLICATION, DISTRIBUTION, ETC. (IMPRINT)
Place of publication, distribution, etc U.K.
Name of publisher, distributor, etc Portfolio Penguin
Date of publication, distribution, etc 2009
300 ## - PHYSICAL DESCRIPTION
Extent 246
942 ## - ADDED ENTRY ELEMENTS (KOHA)
Source of classification or shelving scheme Dewey Decimal Classification
Koha item type Text Books
942 ## - ADDED ENTRY ELEMENTS (KOHA)
-- 1
Holdings
Withdrawn status Lost status Source of classification or shelving scheme Damaged status Not for loan Collection code Home library Current library Source of acquisition Currency Cost, normal purchase price Bill Number Total Checkouts Full call number Acc. no. / Barcode Date last seen Date last borrowed Actual Cost, discounted price Bill Date Koha item type Public note Date acquired
    Dewey Decimal Classification     GENERAL PIET C-LIBRARY PIET C-LIBRARY Kumar Stationery & Book Seller Indian Rup 599.00 35239 3 658.4092 SIS 33612 14/05/2026 30/04/2026 402.00 21/05/2022 Text Books Motivational  
    Dewey Decimal Classification     GENERAL PIET C-LIBRARY PIET C-LIBRARY Flipkart INR 249.00 FAS4SN2500002825   658.4092 SIS 38522 26/12/2024   249.00 18/12/2024 Text Books   26/12/2024
    Dewey Decimal Classification     GENERAL PIET C-LIBRARY PIET C-LIBRARY Flipkart INR 249.00 FAS4SN2500002825 1 658.4092 SIS 38523 03/06/2025 26/05/2025 249.00 18/12/2024 Text Books   26/12/2024

Design & Developed by: PIET Central Library
R70 Miles Stone Pattikalyana Samalkha Panipat 132102
mail ID :- [email protected], Phone No:- 0180-2569700 Ex.216